000 00548nam a22001817a 4500
003 koha_MIRAKIL
005 20250604144233.0
008 250604b eng||||| |||| 00| 0 eng d
020 _a9780736280631
040 _aTR-IsEVY
_btur
_cTR-IsEVY
082 _a590 SHE
245 0 _aShells, nests, and other shelters.
260 _aHampton-Brown :
_bNational Geographic School Publishing,
_c2011.
300 _a32 p. :
_bcolour pictures ;
_c24 cm.
490 0 _aRead on your own ;
_vbook 8.
650 _aNature.
_vAnimals.
_vNests.
942 _2ddc
_cBK
999 _c22435
_d22435